000
00318nam a2200133Ia 4500
008
230917s9999||||xx |||||||||||||| ||und||
040
_e
157688
_a
MAIN
041
_a
English
082
_a
970 H782H
245
0
_a
Horizon. 5 (7); 1963
260
_a
New York
_b
American Heritage
_c
1963
300
_a
110 p.
942
_c
BK
999
_c
233135
_d
233135